Nitrianski evanjelici u pruského kráľa r. 1734
| Titel: | Nitrianski evanjelici u pruského kráľa r. 1734 / Jan Kvačala |
|---|---|
| Verfasser: | |
| In: |
Zwischen Dorpat, Pressburg und Wien, (2018), Seite 173-174 alle Artikel anzeigen |
| Veröffentlicht: | 2018 |
| Format: | Aufsatz |
| Sprache: | Slowakisch |
X
alg: 43955765 001A $03025:04-12-18 001B $01999:04-12-18 $t23:38:48.000 001D $03025:04-12-18 001U $0utf8 001X $00 002@ $0Aou 002C $aText $btxt $2rdacontent 002D $aohne Hilfsmittel zu benutzen $bn $2rdamedia 002E $aBand $bnc $2rdacarrier 003@ $0439557658 007A $0439557658 $aHEB 010@ $aslo 010E $erda 011@ $a2018 021A $aNitrianski evanjelici u pruského kráľa r. 1734 $hJan Kvačala 028A $BVerfasser $#Kvačala, Jan $#Kvačala, Jan Radomil $#Kvacala, Ján Rodomil $#Kvacsala, Ján Radomil $#Kvacsala, János $#Kvačala, Johannes $#Kvacsala, Johann $#Kvacsala, Johannes $#Kvacala, Jvan $#Kvacala, Ioannes $#Kvačala, J. $#Chranovský, Ivan $#Kvačala, Johann $#Kvačala, Joannes $#Kvačala, Ivan $#Kvacala, Josef $#Kvačala, Ioannes $4aut $7117555460 $8Kvačala, Jan$Z1862-1934 [Tp1] $9151324433 031A $h173-174 $j2018 037A $aZuvor in: Cirkevné listy 10 (1896), S. 70-81 039B $aEnthalten in $8--Aau--. Zwischen Dorpat, Pressburg und Wien. - Wiesbaden : Harrassowitz Verlag, 2018. - 398 Seiten. - Illustrationen. - ISBN 978-3-447-11044-0 $x201800000000000827 $943324769X 044K $#Neutra Komitat $74843030-4 $8Komitat Neutra [Tg1] $9133204618 044K $REvangelische Kirche $RKirchengemeinde $#Parishes $#Paroisses $#Evangelische Kirchengemeinde $#Evangelische Pfarrei $74015829-9 $8Evangelische Gemeinde [Ts1] $9085036730 044K $RKirchengemeinde $#Reformierte Kirchengemeinde $74177351-2 $8Reformierte Gemeinde [Ts1] $9085836745 045F $a200.9437309033 $eDDC23BSB 045F/01 $a200.9 045F/03 $f09033 045F/03 $g4307 045F/03 $g4373 045R $aGeschichte 1734 lok: 43955765 78 exp: 43955765 78 1 #EPN 201B/01 $004-12-18 $t10:23:10.000 201C/01 $004-12-18 201U/01 $0utf8 203@/01 $01035754096 208@/01 $a04-12-18 $be 209A/01 $a/ $f000 $x00 209A/01 $ab*p $x01 220C/01 $apgar 244Z/01 $#Preußen $#Preußen $#Brandenburg-Preußen $#Königreich Preußen $#Preußische Staaten $#Preußischer Staat $#Der @Preußische Staat $#Königlich Preußische Staaten $#Prusy Królewskie $#Königlich Preußen $#Prussia $74047194-9 $8--Tg1--Preußen $x01 $9085131652 244Z/01 $#Slowakei $#Slowakei $#Slowakische Republik $#Oberungarn $#Slovensko $#Slovenská Republika $#Slovenská SR $#SSR $#Slovakia $#Slovaquie $#Slovak Republic $#République Slovaque $#Slovenská Socialistická Republika $#Slowakische Sozialistische Republik $#Slovak Socialist Republic $#République Socialiste Slovaque $74055297-4 $8--Tg1--Slowakei $x02 $9085153834 244Z/01 $#Ungarn $#Ungarn $#Ungarische Räterepublik $#Königreich Ungarn $#Die @Länder der ungarischen Krone $#Transleithanien $#Magyarország $#Magyar Köztársaság $#Magyar Tanácsköztársaság $#Government of the Hungarian Republic $#Zemalja Ugarske Krune $#VNR $#Ungern $#Ungarische Republik $#Republik Ungarn $#Ungarische Volksrepublik $#Volksrepublik Ungarn $#Magyar Népköztársaság $#Hungary $#Hungarian Republic $#Hongrie $#Vengerskaja Narodnaja Respublika $#Hungarian People's Republic $#HPR Hungarian People's Republic $#République Populaire Hongroise $#Ungarische VR $#Republic of Hungary $#Vengrija $74078541-5 $8--Tgz--Ungarn $x03 $9085222712 247C/01 $82080>Marburg/Lahn, Herder-Institut, Forschungsbibliothek, Bibliographieportal $9336309341
| LEADER | 00000caa a2200000 c 4500 | ||
|---|---|---|---|
| 001 | 439557658 | ||
| 003 | DE-603 | ||
| 005 | 20181204233848.0 | ||
| 007 | tu | ||
| 008 | 181204s2018 xx |||| | u00||u|slo c | ||
| 035 | |a (DE-599)HEB439557658 | ||
| 040 | |a DE-603 |b ger |c DE-603 |d DE-603 |e rda | ||
| 041 | |a slo | ||
| 082 | 0 | 4 | |8 1\u |a 200.9437309033 |q DE-101 |2 23/BSB |
| 085 | |8 1\u |b 200.9 | ||
| 085 | |8 1\u |z 1 |s 09033 | ||
| 085 | |8 1\u |z 2 |s 4307 | ||
| 085 | |8 1\u |z 2 |s 4373 | ||
| 100 | 1 | |a Kvačala, Jan |d 1862-1934 |e Verfasser |4 aut |0 (DE-603)151324433 |0 (DE-588)117555460 |2 gnd | |
| 245 | 0 | 0 | |a Nitrianski evanjelici u pruského kráľa r. 1734 |c Jan Kvačala |
| 264 | 0 | |c 2018 | |
| 336 | |a Text |b txt |2 rdacontent | ||
| 337 | |a ohne Hilfsmittel zu benutzen |b n |2 rdamedia | ||
| 338 | |a Band |b nc |2 rdacarrier | ||
| 500 | |a Zuvor in: Cirkevné listy 10 (1896), S. 70-81 | ||
| 648 | 7 | |a Geschichte 1734 |2 gnd | |
| 650 | 7 | |a Evangelische Gemeinde |0 (DE-588)4015829-9 |0 (DE-603)085036730 |2 gnd | |
| 650 | 7 | |a Reformierte Gemeinde |0 (DE-588)4177351-2 |0 (DE-603)085836745 |2 gnd | |
| 651 | 7 | |a Komitat Neutra |0 (DE-588)4843030-4 |0 (DE-603)133204618 |2 gnd | |
| 773 | 0 | 8 | |i Enthalten in |t Zwischen Dorpat, Pressburg und Wien |d Wiesbaden : Harrassowitz Verlag, 2018 |h 398 Seiten, Illustrationen |z 9783447110440 |z 3447110449 |g (2018), Seite 173-174 |w (DE-603)43324769X |
| 924 | 0 | |9 2080 |a (DE-603)1035754096 |b DE-2080 |c HES |d d |g / | |


